[Event "4NCL Division 3s"]
[Site "Daventry Court ENG"]
[Date "2014.01.12"]
[Round "4.90"]
[White "Sargent, John R"]
[Black "Selway, Richard P"]
[Result "0-1"]
[WhiteElo "1754"]
[BlackElo "2042"]
[PlyCount "92"]
[EventDate "2014.01.12"]
[WhiteTeam "BCM Bison (4)"]
[BlackTeam "KJCA Knights"]

1. e4 e6 2. d4 d5 3. exd5 exd5 4. Bd3 Nc6 5. c3 Bd6 6. Ne2 Bg4 7. Qc2 Nge7 8.
Nd2 Qd7 9. Nf1 Bf5 10. Bf4 O-O-O 11. Bxd6 Bxd3 12. Qxd3 Qxd6 13. Ne3 Rde8 14.
O-O-O h5 15. h4 Qf6 16. g3 Nd8 17. Nf4 c6 18. Rhf1 Ne6 19. Nxe6 fxe6 20. Rde1
Kd7 21. Re2 Nc8 22. Rfe1 Nd6 23. Ng2 Ne4 24. Rf1 e5 25. dxe5 Rxe5 26. Ne1 Rhe8
27. f4 Nc5 28. Rxe5 Nxd3+ 29. Nxd3 Rxe5 30. Nxe5+ Kc7 31. Rf3 Qf5 32. Rd3 Qe4
33. a3 c5 34. b3 Qe1+ 35. Kb2 Qe4 36. a4 b6 37. Kc1 a6 38. Kb2 b5 39. axb5 axb5
40. Kc1 Qg2 41. Kb1 c4 42. bxc4 bxc4 43. Rf3 Kb6 44. Kc1 Qe2 45. Kb1 Kb5 46.
Kc1 Ka4 0-1

[Event "4NCL Division 3s"]
[Site "Daventry Court ENG"]
[Date "2014.02.15"]
[Round "5.55"]
[White "Hall, John"]
[Black "Martin, Andrew D"]
[Result "0-1"]
[WhiteElo "2259"]
[BlackElo "2390"]
[PlyCount "62"]
[EventDate "2014.02.15"]
[WhiteTeam "Leeds University Old Boys"]
[BlackTeam "Guildford 3"]

1. e4 c5 2. Nf3 d6 3. d4 cxd4 4. Nxd4 Nf6 5. Nc3 a6 6. Bg5 e6 7. f4 Be7 8. Qf3
Qa5 9. O-O-O Bd7 10. e5 dxe5 11. fxe5 Nc6 12. Nxc6 Bxc6 13. Qg3 Nd7 14. Bxe7
Kxe7 15. Re1 Rag8 16. Bc4 g5 17. Rhf1 Rg7 18. Bb3 Kd8 19. Rf2 Kc8 20. Rd2 Rd8
21. Qf2 Qc5 22. Rd4 Qe7 23. Rc4 Kb8 24. a4 Rgg8 25. g3 Rc8 26. Qe3 g4 27. Rf4
Bf3 28. h4 Rc5 29. Qd4 Rd8 30. Qb4 Nxe5 31. Ne4 Rxc2+ 0-1

[Event "4NCL Division 3s"]
[Site "Daventry Court ENG"]
[Date "2014.02.15"]
[Round "5.56"]
[White "Wadsworth, Matthew J"]
[Black "Mossong, Hubert"]
[Result "1-0"]
[WhiteElo "2173"]
[BlackElo "2105"]
[PlyCount "51"]
[EventDate "2014.02.15"]
[WhiteTeam "Guildford 3"]
[BlackTeam "Leeds University Old Boys"]

1. e4 d6 2. d4 Nf6 3. Nc3 c6 4. g3 Qc7 5. Bg2 e5 6. Nge2 Be7 7. O-O O-O 8. h3
b5 9. a3 a5 10. g4 Ba6 11. b4 Nbd7 12. f4 Nb6 13. f5 h6 14. g5 hxg5 15. Bxg5
Nc4 16. Kh1 Ng4 17. Bxe7 Nge3 18. Qe1 Nxf1 19. Bxf8 Nfe3 20. Bxg7 Kxg7 21. Qg3+
Kf8 22. f6 Qd8 23. Qg7+ Ke8 24. Qg8+ Kd7 25. Qxf7+ Kc8 26. Qg7 1-0

[Event "4NCL Division 3s"]
[Site "Daventry Court ENG"]
[Date "2014.02.15"]
[Round "5.58"]
[White "Povah, Nigel E"]
[Black "Deighton, Simon"]
[Result "1/2-1/2"]
[WhiteElo "2290"]
[BlackElo "2013"]
[PlyCount "56"]
[EventDate "2014.02.15"]
[WhiteTeam "Guildford 3"]
[BlackTeam "Leeds University Old Boys"]

1. d4 Nf6 2. Bg5 d5 3. Bxf6 exf6 4. e3 Bd6 5. g3 Be6 6. Bg2 Nd7 7. Ne2 c6 8.
Nd2 Qe7 9. b3 f5 10. c4 Nf6 11. Nc3 Ne4 12. Rc1 Bb4 13. Ndxe4 fxe4 14. cxd5
cxd5 15. O-O O-O 16. Qe2 Rac8 17. Nb1 a6 18. Qb2 h5 19. Rxc8 Rxc8 20. Rc1 Rxc1+
21. Qxc1 Qd7 22. a3 Bd6 23. Bf1 h4 24. Qb2 Bh3 25. Be2 Bg4 26. Bf1 Bh3 27. Be2
Bg4 28. Bf1 Bh3 1/2-1/2

[Event "4NCL Division 3s"]
[Site "Daventry Court ENG"]
[Date "2014.02.15"]
[Round "5.59"]
[White "Taylor, Mark V"]
[Black "Granat, Russell G"]
[Result "0-1"]
[WhiteElo "2088"]
[BlackElo "2182"]
[PlyCount "104"]
[EventDate "2014.02.15"]
[WhiteTeam "Leeds University Old Boys"]
[BlackTeam "Guildford 3"]

1. d4 f5 2. Nc3 Nf6 3. Bg5 e6 4. e4 fxe4 5. Nxe4 Be7 6. Bxf6 Bxf6 7. Nf3 d5 8.
Nxf6+ Qxf6 9. Bb5+ Bd7 10. Qe2 a6 11. Bd3 Nc6 12. c3 O-O 13. O-O Rae8 14. Rae1
Re7 15. Qc2 g6 16. Qe2 Rfe8 17. Ne5 Nxe5 18. Qxe5 Qxe5 19. Rxe5 Bb5 20. Bxb5
axb5 21. Rfe1 b6 22. a3 c5 23. Kf1 Kf7 24. Ke2 Rc8 25. Kd3 cxd4 26. Kxd4 Rc6
27. g3 Ra7 28. f4 Ra4+ 29. Kd3 Rd6 30. R1e2 Rc4 31. h4 h5 32. R5e3 d4 33. Re5
dxc3+ 34. Kc2 cxb2+ 35. Kxb2 Rc5 36. R2e3 Kf6 37. Kb3 Ke7 38. Kb4 Rd4+ 39. Kb3
Rxe5 40. fxe5 Rg4 41. Kb2 Rd4 42. Kc3 Rd5 43. Kc2 Kf7 44. Kc3 Kg7 45. Kc2 g5
46. Kb3 Kg6 47. Kb4 g4 48. Rc3 Kf5 49. Re3 Rc5 50. Re2 Rxe5 51. Rxe5+ Kxe5 52.
Kxb5 Kd4 0-1

[Event "4NCL Division 3s"]
[Site "Daventry Court ENG"]
[Date "2014.02.15"]
[Round "5.65"]
[White "Tozer, Philip AA"]
[Black "Moore, Gerald"]
[Result "1/2-1/2"]
[WhiteElo "2140"]
[BlackElo "2217"]
[PlyCount "62"]
[EventDate "2014.02.15"]
[WhiteTeam "Anglian Avengers 2"]
[BlackTeam "Broadland"]

1. c4 g6 2. g3 Bg7 3. Bg2 Nf6 4. Nc3 O-O 5. e4 d6 6. Nge2 c5 7. O-O Nc6 8. d3
a6 9. a4 Ne8 10. Be3 Nc7 11. d4 cxd4 12. Nxd4 Ne6 13. Nde2 Nc5 14. b3 Bg4 15.
f3 Bd7 16. Rb1 Nb4 17. Qd2 a5 18. Rfd1 Qc7 19. Nd5 Nxd5 20. cxd5 b5 21. axb5
Bxb5 22. b4 Bxe2 23. Qxe2 Na4 24. Rdc1 Nc3 25. Qe1 axb4 26. Rxb4 Rfc8 27. Bf1
Qa5 28. Rc4 Rxc4 29. Bxc4 Na4 30. Qxa5 Rxa5 31. Bb5 Nc5 1/2-1/2

[Event "4NCL Division 3s"]
[Site "Daventry Court ENG"]
[Date "2014.02.15"]
[Round "5.66"]
[White "Hughes, Roy"]
[Black "LeMoir, David A"]
[Result "0-1"]
[WhiteElo "2037"]
[BlackElo "2111"]
[PlyCount "68"]
[EventDate "2014.02.15"]
[WhiteTeam "Broadland"]
[BlackTeam "Anglian Avengers 2"]

1. d4 d5 2. Bf4 Nc6 3. e3 f6 4. Bd3 g6 5. c3 e5 6. Bg3 Nge7 7. Nd2 Bh6 8. Qb3
O-O 9. Ngf3 e4 10. Nxe4 Na5 11. Nxf6+ Rxf6 12. Qa3 Nac6 13. Bh4 Rf7 14. O-O Bf5
15. Be2 Bg4 16. Rae1 Qd7 17. b4 Nf5 18. b5 Bxf3 19. bxc6 bxc6 20. Bxf3 Nxh4 21.
Be2 Raf8 22. c4 Qe6 23. Bd1 Nf5 24. Bg4 Bg7 25. c5 h5 26. Bh3 g5 27. g3 g4 28.
Bg2 Qh6 29. Qxa7 h4 30. Re2 hxg3 31. hxg3 Bxd4 32. exd4 Nxd4 33. Rfe1 Nf3+ 34.
Kf1 Qh2 0-1

[Event "4NCL Division 3s"]
[Site "Daventry Court ENG"]
[Date "2014.02.15"]
[Round "5.67"]
[White "Gregory, Stephen J"]
[Black "McEwan, Ken B"]
[Result "1/2-1/2"]
[WhiteElo "2050"]
[BlackElo "2085"]
[PlyCount "95"]
[EventDate "2014.02.15"]
[WhiteTeam "Anglian Avengers 2"]
[BlackTeam "Broadland"]

1. e4 c5 2. Nf3 e6 3. d3 Nc6 4. g3 g6 5. Bg2 Bg7 6. O-O Nge7 7. Nbd2 O-O 8. Re1
Rb8 9. a4 b6 10. e5 d5 11. exd6 Qxd6 12. Nc4 Qd8 13. Bf4 Rb7 14. Qd2 f6 15. Nd6
e5 16. Nxb7 Bxb7 17. Bh6 Bxh6 18. Qxh6 Qa8 19. Qh3 Nb4 20. Rxe5 Rf7 21. Rxe7
Rxe7 22. Re1 Rf7 23. Nh4 Bxg2 24. Qxg2 Qxg2+ 25. Nxg2 Nxc2 26. Re8+ Kg7 27. Nf4
Rd7 28. h4 Nd4 29. Kg2 h6 30. Rc8 f5 31. f3 Re7 32. a5 g5 33. hxg5 hxg5 34.
axb6 axb6 35. Nd5 Re2+ 36. Kf1 Rxb2 37. Rc7+ Kg6 38. f4 gxf4 39. gxf4 Kh5 40.
Rb7 Kg4 41. Rxb6 Ra2 42. Ke1 Nf3+ 43. Kd1 Rd2+ 44. Kc1 Rxd3 45. Rg6+ Kh4 46.
Ne7 Nd4 47. Rg5 Rc3+ 48. Kd2 1/2-1/2

[Event "4NCL Division 3s"]
[Site "Daventry Court ENG"]
[Date "2014.02.15"]
[Round "5.75"]
[White "Thorarinsson, Pall A"]
[Black "Littlejohns, David P"]
[Result "1-0"]
[WhiteElo "2226"]
[BlackElo "2033"]
[PlyCount "71"]
[EventDate "2014.02.15"]
[WhiteTeam "Fermented Sharks"]
[BlackTeam "West is Best 1"]

1. Nf3 Nf6 2. c4 d5 3. cxd5 Nxd5 4. g3 c6 5. Bg2 g6 6. O-O Bg7 7. d4 O-O 8. e4
Nf6 9. Nc3 Bg4 10. Be3 e6 11. Qb3 Bxf3 12. Bxf3 Qb6 13. Qc2 Qd8 14. Rfd1 Na6
15. a3 Rc8 16. b4 Nb8 17. Qb3 b6 18. Rac1 Qe7 19. b5 Rfd8 20. bxc6 Nxc6 21. e5
Ne8 22. Bxc6 Rxc6 23. Nd5 Rxd5 24. Rxc6 Rd7 25. Rc8 h6 26. d5 exd5 27. Rxd5 Qe6
28. Rxd7 Qxb3 29. Rxe8+ Kh7 30. e6 Qb1+ 31. Kg2 Qe4+ 32. f3 Qa4 33. Ree7 Bf8
34. Rxf7+ Kg8 35. Rd8 Qxa3 36. Rfxf8+ 1-0

[Event "4NCL Division 3s"]
[Site "Daventry Court ENG"]
[Date "2014.02.15"]
[Round "5.76"]
[White "Edgell, Ben P"]
[Black "Farkas, Daniel"]
[Result "1/2-1/2"]
[WhiteElo "2096"]
[BlackElo "2120"]
[PlyCount "51"]
[EventDate "2014.02.15"]
[WhiteTeam "West is Best 1"]
[BlackTeam "Fermented Sharks"]

1. d4 d5 2. c4 Nc6 3. cxd5 Qxd5 4. e3 e5 5. Nc3 Bb4 6. Bd2 Bxc3 7. bxc3 Nf6 8.
c4 Qd6 9. d5 Ne7 10. Qb1 Nd7 11. Ne2 Nc5 12. Nc3 c6 13. e4 O-O 14. Be2 f5 15.
f3 fxe4 16. Nxe4 Nxe4 17. fxe4 Qg6 18. g3 b6 19. Qd3 cxd5 20. cxd5 Bd7 21. Rc1
Qd6 22. h4 Rac8 23. Rxc8 Nxc8 24. a3 a5 25. Qe3 Na7 26. Rf1 1/2-1/2

[Event "4NCL Division 3s"]
[Site "Daventry Court ENG"]
[Date "2014.02.15"]
[Round "5.77"]
[White "Agnew, Alan"]
[Black "Harley-Yeo, Gareth"]
[Result "1-0"]
[WhiteElo "2070"]
[BlackElo "1960"]
[PlyCount "49"]
[EventDate "2014.02.15"]
[WhiteTeam "Fermented Sharks"]
[BlackTeam "West is Best 1"]

1. e4 b6 2. d4 Bb7 3. Bd3 e6 4. Nf3 c5 5. c3 d6 6. O-O Nd7 7. Re1 Be7 8. e5 Qc7
9. Na3 a6 10. Bf4 h6 11. d5 Bxd5 12. Bc4 Bxc4 13. exd6 Qb7 14. Nxc4 Bf8 15. b4
Ngf6 16. bxc5 Nxc5 17. Rb1 Nd5 18. Qd4 Nd7 19. Na5 Qc8 20. Qxd5 bxa5 21. Nd4
Be7 22. Nxe6 Ra7 23. Nxg7+ Kf8 24. dxe7+ Kxg7 25. Qd4+ 1-0

[Event "4NCL Division 3s"]
[Site "Daventry Court ENG"]
[Date "2014.02.15"]
[Round "5.78"]
[White "Taylor, William J"]
[Black "Millward, Kevin P"]
[Result "0-1"]
[WhiteElo "2002"]
[BlackElo "2001"]
[PlyCount "58"]
[EventDate "2014.02.15"]
[WhiteTeam "West is Best 1"]
[BlackTeam "Fermented Sharks"]

1. e4 g6 2. d4 Bg7 3. Nc3 d6 4. Be3 a6 5. Qd2 b5 6. h4 Bb7 7. Bd3 h6 8. O-O-O
Nf6 9. f3 Nbd7 10. Qf2 Qc8 11. d5 Ne5 12. Nce2 c6 13. dxc6 Qxc6 14. Nd4 Qc7 15.
Kb1 Rc8 16. Nh3 Nfd7 17. Rhf1 Nc5 18. Qe2 Na4 19. f4 Nc6 20. Qf2 Nb4 21. Bc1
Qc5 22. Nb3 Qc7 23. f5 gxf5 24. exf5 Bd5 25. Nf4 Bxb3 26. axb3 Nc3+ 27. bxc3
Qxc3 28. Bxb5+ axb5 29. Qa7 Qxc2# 0-1

[Event "4NCL Division 3s"]
[Site "Daventry Court ENG"]
[Date "2014.02.15"]
[Round "5.79"]
[White "Karahaliou, Elia"]
[Black "Hassall, Mark I"]
[Result "0-1"]
[WhiteElo "2012"]
[BlackElo "1944"]
[PlyCount "106"]
[EventDate "2014.02.15"]
[WhiteTeam "Fermented Sharks"]
[BlackTeam "West is Best 1"]

1. e4 c5 2. Nf3 e6 3. c3 Nf6 4. e5 Nd5 5. d4 cxd4 6. cxd4 d6 7. Bc4 Nb6 8. Bd3
Nc6 9. Nc3 Be7 10. O-O a6 11. a3 Bd7 12. Bf4 d5 13. Qc2 h6 14. Qe2 Rc8 15. Be3
Na5 16. Nd2 Nac4 17. Nxc4 Nxc4 18. Nd1 Qb6 19. Qg4 g5 20. Qe2 h5 21. Rc1 Nxe3
22. Rxc8+ Bxc8 23. fxe3 g4 24. Qf2 Rf8 25. Qc2 Bd7 26. Nc3 Bg5 27. Re1 Ke7 28.
g3 Bc6 29. b4 Rh8 30. Nd1 Rc8 31. Qc5+ Qxc5 32. bxc5 Rf8 33. Rf1 Ba4 34. Kf2 f6
35. Nc3 fxe5+ 36. Ke2 Rxf1 37. Kxf1 Be8 38. dxe5 Bxe3 39. c6 Bxc6 40. Bg6 Be8
41. Bxe8 Kxe8 42. Ke2 Bd4 43. Na4 b5 44. Kd3 Bg1 45. Nc3 Kd7 46. Ne2 Bc5 47. a4
bxa4 48. Nf4 a3 49. Kc3 a2 50. Kb2 a1=Q+ 51. Kxa1 Bd4+ 52. Kb1 Bxe5 53. Nxh5
Kc6 0-1

[Event "4NCL Division 3s"]
[Site "Daventry Court ENG"]
[Date "2014.02.15"]
[Round "5.80"]
[White "Richardt, Mike"]
[Black "Hermes, Geoff R"]
[Result "1/2-1/2"]
[WhiteElo "1966"]
[BlackElo "1998"]
[PlyCount "46"]
[EventDate "2014.02.15"]
[WhiteTeam "West is Best 1"]
[BlackTeam "Fermented Sharks"]

1. d4 d6 2. c4 e5 3. e3 c6 4. Nc3 Be7 5. Nf3 Qc7 6. d5 Nf6 7. e4 O-O 8. Bg5 Na6
9. Be2 Ne8 10. Bxe7 Qxe7 11. O-O f5 12. exf5 Bxf5 13. dxc6 bxc6 14. Qa4 Qb7 15.
Nh4 Nc5 16. Qa3 Bc2 17. Nf3 Nd3 18. Ne1 Nxe1 19. Raxe1 Rb8 20. b3 Bf5 21. Bf3
Bd3 22. Be2 Bf5 23. Bf3 Bd3 1/2-1/2

[Event "4NCL Division 3s"]
[Site "Daventry Court ENG"]
[Date "2014.02.15"]
[Round "5.87"]
[White "Feavyour, John A"]
[Black "Mackenzie, Colin"]
[Result "1/2-1/2"]
[WhiteElo "2041"]
[BlackElo "2087"]
[PlyCount "57"]
[EventDate "2014.02.15"]
[WhiteTeam "Iceni 1"]
[BlackTeam "Kings Head 2"]

1. d4 e6 2. c4 Nf6 3. Nc3 Bb4 4. Nf3 O-O 5. g3 b6 6. Bg2 Bb7 7. O-O c5 8. Bf4
d5 9. cxd5 cxd4 10. Qxd4 Bxc3 11. Qxc3 Bxd5 12. Rfd1 Nbd7 13. Ne5 Rc8 14. Qa3
Bxg2 15. Nxd7 Nxd7 16. Kxg2 e5 17. Bxe5 Qe8 18. Bf4 Nc5 19. Qf3 Qb5 20. Bd6
Rfe8 21. Bxc5 Rxc5 22. Rd2 h5 23. Rad1 Rf5 24. Qb7 h4 25. e4 Rfe5 26. Rd8 Qe2
27. Rxe8+ Rxe8 28. Qd5 Rxe4 29. Qd2 1/2-1/2

[Event "4NCL Division 3s"]
[Site "Daventry Court ENG"]
[Date "2014.02.15"]
[Round "5.88"]
[White "Davey, Mark"]
[Black "Downham, Alan F"]
[Result "1-0"]
[WhiteElo "1991"]
[BlackElo "2007"]
[PlyCount "55"]
[EventDate "2014.02.15"]
[WhiteTeam "Kings Head 2"]
[BlackTeam "Iceni 1"]

1. d4 d5 2. c4 c6 3. Nc3 Nf6 4. Bg5 e6 5. e3 Bb4 6. Qc2 h6 7. Bh4 Nbd7 8. Nf3
Qa5 9. Bd3 dxc4 10. Bxc4 O-O 11. O-O b5 12. Bd3 Bb7 13. a3 Bxc3 14. bxc3 c5 15.
Rfb1 c4 16. Bxc4 bxc4 17. Rxb7 Nb6 18. Bxf6 gxf6 19. e4 Rab8 20. Rxb8 Rxb8 21.
a4 Nxa4 22. h3 Qxc3 23. Qxa4 Rb2 24. Qe8+ Kg7 25. Rxa7 Qc1+ 26. Ne1 Qxe1+ 27.
Kh2 Kg6 28. Qg8+ 1-0

[Event "4NCL Division 3s"]
[Site "Daventry Court ENG"]
[Date "2014.02.15"]
[Round "5.89"]
[White "Donaghay, Richard H"]
[Black "Gilfillan, Andrew"]
[Result "0-1"]
[WhiteElo "1967"]
[BlackElo "1967"]
[PlyCount "54"]
[EventDate "2014.02.15"]
[WhiteTeam "Iceni 1"]
[BlackTeam "Kings Head 2"]

1. e4 c5 2. Nc3 Nc6 3. f4 e6 4. Nf3 d5 5. d3 Nge7 6. g3 g6 7. Bg2 Bg7 8. O-O
O-O 9. e5 f6 10. exf6 Bxf6 11. Ne2 Nf5 12. c3 Bd7 13. g4 Nd6 14. d4 cxd4 15.
cxd4 Qb6 16. Ne5 Nxe5 17. fxe5 Bxe5 18. Kh1 Bg7 19. Bf4 Ne4 20. Nc3 Bxd4 21.
Nxe4 dxe4 22. Qe2 e3 23. a4 Rac8 24. Rad1 Bc6 25. a5 Qc5 26. Rxd4 Qxd4 27. Qxe3
Qxe3 0-1

[Event "4NCL Division 3s"]
[Site "Daventry Court ENG"]
[Date "2014.02.15"]
[Round "5.90"]
[White "Disu, Kayode"]
[Black "Davison, Chris"]
[Result "1-0"]
[WhiteElo "1879"]
[BlackElo "1931"]
[PlyCount "119"]
[EventDate "2014.02.15"]
[WhiteTeam "Kings Head 2"]
[BlackTeam "Iceni 1"]

1. c4 f5 2. Nc3 Nf6 3. g3 e6 4. Bg2 d6 5. d3 Be7 6. e4 fxe4 7. dxe4 e5 8. h3
O-O 9. Nge2 c6 10. O-O Be6 11. b3 Nbd7 12. Be3 Ne8 13. Qd2 Nc7 14. a4 Nf6 15.
Qb2 Qe8 16. g4 Qg6 17. Ng3 h5 18. Nf5 Rae8 19. Nh4 Qf7 20. g5 Nd7 21. f4 exf4
22. Rxf4 Bxg5 23. Rxf7 Bxe3+ 24. Kh1 Rxf7 25. Rf1 Rxf1+ 26. Bxf1 Rf8 27. Qe2
Bd4 28. Nd1 Nc5 29. Bg2 Bf7 30. Bf3 g6 31. Qd2 N7e6 32. b4 Nd7 33. Qg2 Kh7 34.
e5 dxe5 35. Be4 Nf4 36. Qg5 Be8 37. Qe7+ Kg8 38. Nf3 Nxh3 39. Qe6+ Kg7 40. Qxh3
Bb6 41. Qe6 Nf6 42. Qxe5 Kg8 43. Qe6+ Kg7 44. Ng5 Nxe4 45. Qxe4 Rf1+ 46. Kg2
Rxd1 47. Qxe8 Rg1+ 48. Kh3 Rxg5 49. c5 Bxc5 50. bxc5 Rf5 51. Qb8 Rf7 52. Qxa7
Kh7 53. a5 Kg7 54. Qb6 Kh8 55. a6 bxa6 56. Qxc6 Rf5 57. Qe4 Rf7 58. c6 Kh7 59.
Qd5 Rc7 60. Qd7+ 1-0

[Event "4NCL Division 3s"]
[Site "Daventry Court ENG"]
[Date "2014.02.15"]
[Round "5.95"]
[White "Kalaiyalahan, Akshaya"]
[Black "Tippleston, Charles E"]
[Result "1-0"]
[WhiteElo "1965"]
[BlackElo "2122"]
[PlyCount "147"]
[EventDate "2014.02.15"]
[WhiteTeam "Guildford 4"]
[BlackTeam "MK Phoenix 1"]

1. d4 Nf6 2. Nf3 e6 3. g3 d5 4. Bg2 Be7 5. O-O O-O 6. c4 dxc4 7. Qc2 a6 8. Qxc4
b5 9. Qc2 Bb7 10. Bd2 Nc6 11. e3 Nb4 12. Bxb4 Bxb4 13. a3 Be7 14. Nbd2 Rc8 15.
b4 g6 16. Rac1 a5 17. Qb2 axb4 18. axb4 Qd6 19. Rb1 Ra8 20. Qc2 Qb6 21. Ne5
Bxg2 22. Kxg2 Ra6 23. Rfc1 Bd6 24. Ne4 Bxe5 25. dxe5 Nxe4 26. Qxe4 Rd8 27. Rb2
Ra4 28. Qc6 Qxc6+ 29. Rxc6 Ra7 30. Rc5 Rb7 31. Rbc2 Rd7 32. Kf3 Kf8 33. Ke4 Ke7
34. Ra2 Rd1 35. Rb2 Kd7 36. h4 h6 37. Rb3 c6 38. Rbc3 Rc7 39. Rc2 Rc8 40. R5c3
Rc7 41. Rd3+ Rxd3 42. Kxd3 Ra7 43. Kd4 Ra1 44. Kc5 Kc7 45. e4 Rd1 46. Rc3 g5
47. Rf3 Rc1+ 48. Kd4 Rb1 49. Kd3 gxh4 50. Rxf7+ Kb6 51. gxh4 Rxb4 52. Rf6 Kc5
53. Rxe6 Rb3+ 54. Kc2 Rh3 55. Rxh6 Rh2 56. Rf6 Rxh4 57. f3 b4 58. Kb3 Rh3 59.
e6 Kd6 60. Kxb4 Ke7 61. e5 Rh1 62. f4 Rc1 63. f5 Re1 64. Rf7+ Ke8 65. Kc5 Rxe5+
66. Kxc6 Re1 67. Kd6 Rd1+ 68. Ke5 Re1+ 69. Kf6 Rh1 70. Rg7 Rh6+ 71. Rg6 Rh8 72.
Ke5 Rh1 73. Rg8+ Ke7 74. f6# 1-0

[Event "4NCL Division 3s"]
[Site "Daventry Court ENG"]
[Date "2014.02.15"]
[Round "5.96"]
[White "Brown, Alan M"]
[Black "Smart, Michael R"]
[Result "1-0"]
[WhiteElo "2093"]
[BlackElo "2022"]
[PlyCount "141"]
[EventDate "2014.02.15"]
[WhiteTeam "MK Phoenix 1"]
[BlackTeam "Guildford 4"]

1. d4 Nf6 2. c4 c5 3. d5 e6 4. Nc3 exd5 5. cxd5 d6 6. e4 g6 7. Be2 Bg7 8. Nf3
O-O 9. O-O a6 10. a4 Bg4 11. Nd2 Bxe2 12. Qxe2 Re8 13. Nc4 Bf8 14. Bf4 Nh5 15.
Be3 Nd7 16. Qd3 b6 17. f3 Rb8 18. Na3 Qc8 19. f4 Ndf6 20. Bd2 b5 21. axb5 axb5
22. Naxb5 c4 23. Qf3 Rxb5 24. Nxb5 Qc5+ 25. Kh1 Nxe4 26. Bc3 Qxb5 27. Ra5 Qb6
28. Ra4 Nxc3 29. Qxc3 Nf6 30. Qxf6 Bg7 31. Qh4 Qxb2 32. Rxc4 Qb5 33. Rcc1 Qxd5
34. Rfd1 Qf5 35. Rxd6 Bf8 36. Rdd1 Re4 37. Rf1 Be7 38. Qg3 Bd6 39. Rce1 Rc4 40.
Qg5 Qxg5 41. fxg5 Rc5 42. Rd1 Be7 43. h4 Rc4 44. g3 Rc7 45. Rd3 h6 46. gxh6 f5
47. h5 Kh7 48. hxg6+ Kxg6 49. Rd5 Rc3 50. Kg2 Kxh6 51. Rfxf5 Kg6 52. Rf3 Rc2+
53. Kh3 Rc4 54. Rf4 Rc3 55. Kg4 Re3 56. Rc4 Re6 57. Kf3 Ra6 58. g4 Rf6+ 59. Ke4
Ra6 60. Rb5 Rd6 61. Rbc5 Rd1 62. Rd5 Re1+ 63. Kf3 Rf1+ 64. Ke4 Re1+ 65. Kf4
Rf1+ 66. Ke5 Bf6+ 67. Kd6 Rg1 68. Re4 Rg2 69. Kd7 Ra2 70. Re6 Ra7+ 71. Kc8 1-0

[Event "4NCL Division 3s"]
[Site "Daventry Court ENG"]
[Date "2014.02.15"]
[Round "5.97"]
[White "Shepley, Julien M"]
[Black "Fraser-Mitchell, Jeremy N"]
[Result "1-0"]
[WhiteElo "1985"]
[BlackElo "2059"]
[PlyCount "77"]
[EventDate "2014.02.15"]
[WhiteTeam "Guildford 4"]
[BlackTeam "MK Phoenix 1"]

1. e4 e6 2. d4 a6 3. Bd3 b5 4. Qe2 Bb7 5. Nf3 c5 6. c3 Nf6 7. Bg5 Qb6 8. Nbd2
Nc6 9. d5 Ne7 10. d6 Ng6 11. e5 Nd5 12. g3 f6 13. Bxg6+ hxg6 14. c4 Nb4 15.
exf6 Qxd6 16. O-O O-O-O 17. fxg7 Bxg7 18. Bxd8 Rxd8 19. a3 Nc2 20. Ne4 Qf8 21.
Qxc2 Qxf3 22. Nd6+ Kb8 23. Nxb7 Kxb7 24. cxb5 Bd4 25. Qa4 Rf8 26. bxa6+ Kb6 27.
Qc2 Qh5 28. b4 Rh8 29. bxc5+ Ka7 30. h4 Qg4 31. Qb3 Rb8 32. Qd3 g5 33. Rab1
gxh4 34. Rxb8 hxg3 35. Rb7+ Ka8 36. Rfb1 gxf2+ 37. Kf1 Qg1+ 38. Ke2 Qg4+ 39.
Qf3 1-0

[Event "4NCL Division 3s"]
[Site "Daventry Court ENG"]
[Date "2014.02.15"]
[Round "5.98"]
[White "Smith, Graham M"]
[Black "Galer, Sebastian E"]
[Result "1-0"]
[WhiteElo "2042"]
[BlackElo "1851"]
[PlyCount "55"]
[EventDate "2014.02.15"]
[WhiteTeam "MK Phoenix 1"]
[BlackTeam "Guildford 4"]

1. Nf3 Nf6 2. c4 c5 3. g3 Nc6 4. Bg2 g6 5. d4 cxd4 6. Nxd4 Bg7 7. O-O O-O 8.
Nc3 Qa5 9. Nb3 Qb4 10. c5 Na5 11. Qd4 Qxd4 12. Nxd4 Ng4 13. Ndb5 a6 14. Nc7 Ra7
15. h3 Ne5 16. N7d5 e6 17. Nb6 Nec4 18. Nca4 d6 19. cxd6 Nxd6 20. Be3 Nf5 21.
Bc5 Bd4 22. Bxf8 Kxf8 23. e3 Bxb6 24. Nxb6 Ne7 25. Rac1 Nac6 26. Rfd1 Ke8 27.
Rd6 a5 28. Rcd1 1-0

[Event "4NCL Division 3s"]
[Site "Daventry Court ENG"]
[Date "2014.02.15"]
[Round "5.99"]
[White "Yiamakis, Albert"]
[Black "Freeman, Richard CP"]
[Result "0-1"]
[WhiteElo "1740"]
[BlackElo "2029"]
[PlyCount "52"]
[EventDate "2014.02.15"]
[WhiteTeam "Guildford 4"]
[BlackTeam "MK Phoenix 1"]

1. Nf3 g6 2. g3 Bg7 3. Bg2 e5 4. d3 c5 5. O-O Nc6 6. e4 Nge7 7. Be3 d6 8. c3
O-O 9. d4 cxd4 10. cxd4 Qb6 11. d5 Nd4 12. Nxd4 exd4 13. Bc1 f5 14. Nd2 fxe4
15. Bxe4 Bf5 16. Qb3 Qxb3 17. axb3 Bxe4 18. Nxe4 Nxd5 19. Nxd6 b6 20. Rd1 a6
21. Bd2 Rf3 22. Ra3 Bf8 23. Ne4 Bxa3 24. bxa3 Rxb3 25. Bh6 Nc3 26. Rxd4 Ne2+
0-1

[Event "4NCL Division 3s"]
[Site "Daventry Court ENG"]
[Date "2014.02.15"]
[Round "5.105"]
[White "Maciol, Ryszard"]
[Black "Fogg, Martin"]
[Result "1-0"]
[WhiteElo "2190"]
[BlackElo "1935"]
[PlyCount "57"]
[EventDate "2014.02.15"]
[WhiteTeam "Celtic Tigers 1"]
[BlackTeam "Anglian Avengers 3"]

1. d4 Nf6 2. c4 e6 3. Nc3 Bb4 4. e3 O-O 5. Bd3 d5 6. a3 Bxc3+ 7. bxc3 c5 8. Nf3
Nc6 9. O-O Qc7 10. Bb2 b6 11. cxd5 exd5 12. dxc5 bxc5 13. c4 dxc4 14. Bxc4 Ng4
15. Qd5 Rb8 16. Bc3 Ne7 17. Qg5 Ng6 18. h3 Nh6 19. Rfd1 Be6 20. Bxe6 fxe6 21.
Nh4 Nf7 22. Qg4 Rb3 23. Nxg6 hxg6 24. Rdc1 Rb6 25. Ba5 Ne5 26. Qg3 Qd6 27. Rd1
Qb8 28. Bxb6 axb6 29. f4 1-0

[Event "4NCL Division 3s"]
[Site "Daventry Court ENG"]
[Date "2014.02.15"]
[Round "5.106"]
[White "Hall, Antony C"]
[Black "Kemp, Peter D"]
[Result "0-1"]
[WhiteElo "1989"]
[BlackElo "2152"]
[PlyCount "88"]
[EventDate "2014.02.15"]
[WhiteTeam "Anglian Avengers 3"]
[BlackTeam "Celtic Tigers 1"]

1. e4 e5 2. Nf3 Nc6 3. d4 exd4 4. Bc4 Nf6 5. O-O Nxe4 6. Re1 d5 7. Bxd5 Qxd5 8.
Nc3 Qh5 9. Nxe4 Be6 10. Neg5 O-O-O 11. Nxe6 fxe6 12. Rxe6 Bd6 13. Qe1 Rhf8 14.
Qe4 h6 15. Qh4 Qxh4 16. Nxh4 Nb4 17. c3 dxc3 18. bxc3 Nc2 19. Rb1 Be7 20. g3
Rd1+ 21. Kg2 Bxh4 22. gxh4 Ne1+ 23. Kg3 Rf3+ 24. Kg4 Rxc3 25. Bd2 Rc4+ 26. f4
Rxb1 27. Bxe1 Kd7 28. Re2 Rb5 29. Bg3 h5+ 30. Kf3 a5 31. Rd2+ Ke6 32. Re2+ Kf7
33. Rd2 a4 34. Bf2 Rf5 35. Be3 b5 36. Rd7+ Kg6 37. Rd2 c6 38. Bd4 Kf7 39. Be5
Rxe5 40. fxe5 Ke6 41. Re2 Rxh4 42. Kg3 Rc4 43. Kf3 g5 44. h3 a3 0-1

[Event "4NCL Division 3s"]
[Site "Daventry Court ENG"]
[Date "2014.02.15"]
[Round "5.107"]
[White "Pedersen, Carsten"]
[Black "Lamont, Richard"]
[Result "1-0"]
[WhiteElo "2141"]
[BlackElo "1987"]
[PlyCount "53"]
[EventDate "2014.02.15"]
[WhiteTeam "Celtic Tigers 1"]
[BlackTeam "Anglian Avengers 3"]

1. e4 c5 2. Nc3 Nc6 3. g3 g6 4. Bg2 Bg7 5. d3 a6 6. Be3 Nd4 7. Nce2 Qc7 8. c3
Nxe2 9. Nxe2 b5 10. O-O Bb7 11. Qd2 h5 12. Bh3 Nh6 13. a4 Qc6 14. axb5 axb5 15.
Rxa8+ Bxa8 16. Ra1 Bb7 17. Ra7 d6 18. d4 Qb6 19. Ra1 Qc6 20. dxc5 dxc5 21. Rd1
f5 22. Bxc5 Qxc5 23. Qd7+ Kf7 24. Qxb7 b4 25. cxb4 Qc2 26. Qd5+ Kf8 27. Nf4 1-0